000 00851nam a2200253 i 4500
001 110722
003 ES-MaACL
005 20250905123714.0
007 t|
008 070122s1924 sp ||||1| spa d
080 _a34(031)
100 1 _aMerkel, Adolf.
_980556
245 1 0 _aEnciclopedia jurídica /
_cAdolfo Merkel ; traducción de W. Roces.
250 _a5ª ed
_bpreparada por Rodolfo Merkel.
260 _aMadrid :
_bHijos de Reus,
_c1924.
300 _a537 p. ;
_c23 cm.
490 1 _aBiblioteca jurídica de autores españoles y extranjeros ;
_v89
650 4 _aDerecho-
_vEnciclopedias.
_911611
700 1 _aRoces, Wenceslao,
_d1897-1992
_998039
700 1 _aMerkel, Rudolf.
_980558
830 0 _aBiblioteca jurídica de autores españoles y extranjeros ;
_v89
_9182228
852 _aES-MaACL
_jE-3083
999 _c110722
_d110722